000 00675nam a2200193Ia 4500
003 GCL
008 140319s9999 xx 000 0 ara d
040 _aGCL /
_cGCL
082 0 4 _aق
_b932.1
_bح م
100 1 _aحسين مؤنس
245 1 0 _aمصر ورسالتها :
_bدراسة فى خصائص مصر ومقومات تاريخها الحضارى ورسالتها فى الوجود /
_cحسين مؤنس
260 _aالقاهرة :
_bالهيئة المصرية العامة للكتاب ،
_c1989
300 _a158ص ؛
_c24 سم
490 _a
650 0 4 _aتاريخ
650 0 4 _aمصر القديمة
650 0 4 _aمصر - تاريخ
942 _2ddc
_cBK
999 _c52443
_d52443